[Event "EU-chT Seniors 50"]
[Site "Dresden"]
[Date "2022.10.27"]
[Round "1.3"]
[White "Steinert, Frank"]
[Black "Lagunow, Alexander"]
[Result "0-1"]
[WhiteElo "1963"]
[BlackElo "2360"]
[PlyCount "80"]
[EventDate "2022.10.27"]
[EventType "team-swiss"]
[EventRounds "9"]
[EventCountry "GER"]
[SourceTitle "EXT 2024"]
[Source "ChessBase"]
[SourceDate "2023.10.10"]
[SourceVersion "1"]
[SourceVersionDate "2023.10.10"]
[SourceQuality "1"]
[WhiteTeam "D5 aus dem Elbland 50"]
[BlackTeam "Berlin 50"]
[WhiteTeamCountry "GER"]
[BlackTeamCountry "GER"]

1. e4 c5 2. Nc3 Nc6 3. Bb5 Nd4 4. Bc4 a6 5. d3 b5 6. Bb3 g6 7. Nge2 Bg7 8. Nxd4 cxd4 9. Ne2 e6 10. 0-0 Ne7 11. Bd2 d5 12. f3 0-0 13. Qe1 Bb7 14. Qh4 Qd7 15. Bh6 e5 16. Bxg7 Kxg7 17. Qg3 f6 18. Rfd1 a5 19. c3 dxc3 20. bxc3 a4 21. Bc2 d4 22. f4 Nc6 23. fxe5 fxe5 24. cxd4 exd4 25. Rac1 Qe7 26. Bb1 Rac8 27. h3 Rfd8 28. Rf1 b4 29. Bc2 b3 30. axb3 Nb4 31. Bb1 a3 32. Rc4 Rxc4 33. bxc4 a2 34. Bxa2 Nxa2 35. Nf4 Nc3 36. Kh1 Rf8 37. e5 Rf5 38. Re1 Kh6 39. h4 Rxe5 40. Ra1 Rf5 0-1

[Event "Dresden ZMD op-B 23rd"]
[Site "Dresden"]
[Date "2014.08.19"]
[Round "5"]
[White "Steinert, Frank"]
[Black "Boehme, Andre"]
[Result "1/2-1/2"]
[WhiteElo "1952"]
[BlackElo "1969"]
[PlyCount "54"]
[EventDate "2014.08.15"]
[EventType "swiss"]
[EventRounds "9"]
[EventCountry "GER"]
[SourceTitle "EXT 2024"]
[Source "ChessBase"]
[SourceDate "2023.10.10"]
[SourceVersion "1"]
[SourceVersionDate "2023.10.10"]
[SourceQuality "1"]

1. e4 g6 2. d4 Bg7 3. Nc3 d6 4. Be2 Nc6 5. Be3 e5 6. dxe5 Nxe5 7. f4 Nc6 8. Nf3 Nge7 9. 0-0 0-0 10. Nd4 f5 11. exf5 Nxf5 12. Nxf5 Bxf5 13. Qd5+ Kh8 14. g4 Qe7 15. Qd2 Be6 16. Rae1 Qd7 17. h3 Rae8 18. Bb5 a6 19. Bxc6 Qxc6 20. Bd4 Bc4 21. Bxg7+ Kxg7 22. Rxe8 Rxe8 23. Re1 Qc5+ 24. Kh2 Rxe1 25. Qxe1 Qd4 26. Kg3 Bf7 27. a3 h6 1/2-1/2

[Event "Dresden ZMD op-B 21st"]
[Site "Dresden"]
[Date "2012.08.26"]
[Round "9"]
[White "Steinert, Frank"]
[Black "Leimeister, Winfried"]
[Result "1/2-1/2"]
[WhiteElo "1919"]
[BlackElo "1844"]
[PlyCount "55"]
[EventDate "2012.08.18"]
[EventType "swiss"]
[EventRounds "9"]
[EventCountry "GER"]
[SourceTitle "CBM 150 Extra"]
[Source "ChessBase"]
[SourceDate "2012.10.19"]
[SourceVersion "1"]
[SourceVersionDate "2012.10.19"]
[SourceQuality "1"]

1. e4 c5 2. Nc3 g6 3. f4 Bg7 4. Nf3 d6 5. Bc4 e6 6. f5 Nh6 7. d3 gxf5 8. 0-0 fxe4 9. dxe4 a6 10. a4 Nc6 11. Ng5 Bd4+ 12. Kh1 Ne5 13. Qh5 Kd7 14. Qxh6 Nxc4 15. Nxf7 Rf8 16. Bg5 Qe8 17. Ne5+ Bxe5 18. Rxf8 Qg6 19. Qxg6 hxg6 20. Bf6 Bxf6 21. Rxf6 Ne5 22. Rf8 b6 23. Raf1 Bb7 24. Rxa8 Bxa8 25. Rf8 Bc6 26. Kg1 b5 27. axb5 axb5 28. b4 1/2-1/2

[Event "Dresden ZMD op-B 21st"]
[Site "Dresden"]
[Date "2012.08.21"]
[Round "4"]
[White "Wolf, Andreas"]
[Black "Steinert, Frank"]
[Result "1-0"]
[WhiteElo "1950"]
[BlackElo "1919"]
[PlyCount "67"]
[EventDate "2012.08.18"]
[EventType "swiss"]
[EventRounds "9"]
[EventCountry "GER"]
[SourceTitle "CBM 150 Extra"]
[Source "ChessBase"]
[SourceDate "2012.10.19"]
[SourceVersion "1"]
[SourceVersionDate "2012.10.19"]
[SourceQuality "1"]

1. d4 Nf6 2. c4 c5 3. Nf3 g6 4. g3 Bg7 5. Bg2 0-0 6. 0-0 cxd4 7. Nxd4 Nc6 8. Nc3 Nxd4 9. Qxd4 d6 10. c5 Nd7 11. Qh4 Nxc5 12. Bg5 f6 13. Be3 Be6 14. b4 Nd7 15. Bxb7 Rb8 16. Qe4 Bf5 17. Bd5+ Kh8 18. Qd4 Ne5 19. a3 a5 20. b5 Bh3 21. Bg2 f5 22. Qa4 Bxg2 23. Kxg2 Rc8 24. Rac1 Nc4 25. Nd5 Nxe3+ 26. Nxe3 f4 27. Nd5 Rxc1 28. Rxc1 Bh6 29. Nxf4 Bxf4 30. gxf4 e5 31. Qc4 Qh4 32. f3 Rf5 33. b6 Rh5 34. Qc8+ 1-0

[Event "Dresden ZMD op-B 21st"]
[Site "Dresden"]
[Date "2012.08.20"]
[Round "3"]
[White "Steinert, Frank"]
[Black "Wulff, Jens Peter"]
[Result "1-0"]
[WhiteElo "1919"]
[BlackElo "1734"]
[PlyCount "62"]
[EventDate "2012.08.18"]
[EventType "swiss"]
[EventRounds "9"]
[EventCountry "GER"]
[SourceTitle "CBM 150 Extra"]
[Source "ChessBase"]
[SourceDate "2012.10.19"]
[SourceVersion "1"]
[SourceVersionDate "2012.10.19"]
[SourceQuality "1"]

1. e4 g6 2. d4 Bg7 3. Nc3 c6 4. Be2 d6 5. Be3 Bd7 6. f4 a5 7. Nf3 b5 8. a3 Na6 9. d5 Bxc3+ 10. bxc3 c5 11. e5 Nh6 12. Ng5 Qc8 13. h3 Nf5 14. Bf2 h6 15. Ne4 Qc7 16. g4 dxe5 17. gxf5 gxf5 18. Ng3 exf4 19. Nh5 Qe5 20. Kf1 Nc7 21. Bf3 Qxc3 22. d6 exd6 23. Bxa8 Nxa8 24. Qe1+ Qxe1+ 25. Rxe1+ Kd8 26. Nxf4 Nc7 27. Bh4+ Kc8 28. Re7 Ne6 29. Nxe6 fxe6 30. Rg1 e5 31. Rgg7 Be8 1-0